000 01653cam a2200133 4500500
005 20260405041903.0
041 _afre
042 _adc
100 1 0 _aDumoulié, Camille
_eauthor
245 0 0 _aNietzsche et Artaud. Pour une éthique de la cruauté : Pour une éthique de la cruauté
260 _bPresses Universitaires de France,
_c1992.
520 _a«C’est une vision de l’homme et du monde, une réflexion sur notre civilisation considérée comme celle de la décadence, un refus de la métaphysique et de l’ontologie traditionnelles, de la religion et de la morale, la volonté de trouver dans l’art, et dans le théâtre en particulier, le remède à nos maux, c’est enfin une pratique originale de l’écriture, qui sont entre Artaud et Nietzsche des points de convergence. La question de la cruauté est indissociable de ces formes essentielles de la répétition et de la représentation que sont le rite et le théâtre, où Artaud et Nietzsche ont d’abord cherché le secret de la vie comme cruauté. Ils y furent contraints non seulement par la nécessité historique, par le fait que nous sommes inscrits dans l’histoire de la culpabilité et de la mauvaise conscience, mais aussi parce qu’ils furent d’abord enclins à penser la cruauté comme le signe d’une nécessité métaphysique de réconciliation avec un Réel qui fut dérobé: rêve d’une harmonie retrouvée dont l’expression première fut le désir de réconciliation entre la nature et la culture.»
856 4 1 _uhttps://shs.cairn.info/nietzsche-et-artaud-pour-une-ethique-de-la-cruaute--9782130443582?lang=fr&redirect-ssocas=7080
999 _c2172970
_d2172970